[Event "DEM U10 2016"]
[Site "Willingen GER"]
[Date "2016.05.15"]
[Round "1"]
[White "Bakiyev, Diyar"]
[Black "Nitsche, Nikolai"]
[Result "0-1"]
[Termination "normal"]
[Board "23"]
[WhiteElo "1027"]
[BlackElo "1371"]
[PlyCount "112"]
[WhiteFideId "16230531"]
[BlackFideId "16221036"]
[EventCountry "GER"]
[EventRounds "11"]
[EventType "swiss"]
[EventDate "2016.05.14"]

1. e4 c5 2. Nf3 Nc6 3. Bb5 d5 4. exd5 Qxd5 5. Bxc6+ Qxc6 6. d4 e6 7. O-O Be7 8.
Be3 Nf6 9. Nc3 O-O 10. Qd3 Rd8 11. Ng5 b6 12. Nf3 Bb7 13. Rad1 cxd4 14. Bxd4 e5
15. Qb5 Qxb5 16. Nxb5 Bxf3 17. gxf3 exd4 18. Nxd4 Bc5 19. Nc6 Rxd1 20. Rxd1 a5
21. a3 Re8 22. b4 axb4 23. axb4 Bf8 24. Kf1 g6 25. Nd8 Bxb4 26. Rb1 Rxd8 27.
Rxb4 Rd6 28. Kg2 Nd5 29. Rb5 Kf8 30. c4 Nf6 31. h3 Nd7 32. Kg3 Ke7 33. f4 f5
34. f3 Ke6 35. Kh4 h6 36. Kg3 Rc6 37. Rb4 Nc5 38. h4 Kf6 39. Kg2 g5 40. fxg5+
hxg5 41. hxg5+ Kxg5 42. Kg3 f4+ 43. Kh3 Rh6+ 44. Kg2 Rg6 45. Kf2 Nd3+ 46. Ke2
Nxb4 47. Kf2 Rc6 48. Kg2 Rxc4 49. Kh3 b5 50. Kh2 Nd3 51. Kh3 b4 52. Kg2 b3 53.
Kh2 b2 54. Kh3 b1=Q 55. Kg2 Rc2+ 56. Kh3 Qh1# 0-1

[Event "DEM U10 2016"]
[Site "Willingen GER"]
[Date "2016.05.15"]
[Round "1"]
[White "Hagner, Bennet"]
[Black "Hänselmann, Hendrik"]
[Result "1/2-1/2"]
[Termination "normal"]
[Board "24"]
[WhiteElo "1370"]
[BlackElo "1000"]
[PlyCount "101"]
[WhiteFideId "16224477"]
[BlackFideId "16232755"]
[EventCountry "GER"]
[EventRounds "11"]
[EventType "swiss"]
[EventDate "2016.05.14"]

1. d4 d5 2. c4 e6 3. Nc3 Nf6 4. Bg5 Be7 5. g3 Ne4 6. Bxe7 Qxe7 7. Nxe4 dxe4 8.
Qc2 O-O 9. Bg2 Qb4+ 10. Qc3 Qxc3+ 11. bxc3 Nc6 12. Bxe4 Re8 13. Bg2 e5 14. Nf3
Bg4 15. d5 Bxf3 16. Bxf3 Ne7 17. O-O c6 18. e4 Rad8 19. Rab1 cxd5 20. cxd5 b6
21. c4 f5 22. Rfe1 fxe4 23. Rxe4 Nf5 24. Rbe1 Nd4 25. Bg2 b5 26. Rxe5 Rxe5 27.
Rxe5 bxc4 28. Re4 c3 29. Rxd4 Rc8 30. Rd1 c2 31. Rc1 Kf7 32. Be4 g6 33. Rxc2
Rxc2 34. Bxc2 Ke7 35. Kg2 Kd6 36. Bb3 a5 37. f4 a4 38. Bc4 Kc5 39. h4 h5 40.
Kf3 a3 41. g4 hxg4+ 42. Kxg4 Kxc4 43. d6 Kc3 44. d7 Kb2 45. d8=Q Kxa2 46. Qd1
Kb2 47. f5 gxf5+ 48. Kxf5 a2 49. Qd2+ Kb1 50. Qb4+ Ka1 51. Ke4 1/2-1/2

[Event "DEM U10 2016"]
[Site "Willingen GER"]
[Date "2016.05.15"]
[Round "1"]
[White "Scharf, Christian"]
[Black "Felten, Maximilian"]
[Result "0-1"]
[Termination "normal"]
[Board "25"]
[WhiteElo "999"]
[BlackElo "1369"]
[PlyCount "110"]
[WhiteFideId "16266110"]
[BlackFideId "4004949"]
[EventCountry "GER"]
[EventRounds "11"]
[EventType "swiss"]
[EventDate "2016.05.14"]

1. e4 e6 2. d4 d5 3. exd5 exd5 4. Nc3 c6 5. Bd3 Bd6 6. Nge2 Nf6 7. O-O O-O 8.
Bg5 Bxh2+ 9. Kxh2 Ng4+ 10. Kg1 Qxg5 11. f4 Qh4 12. Rf3 Qh2+ 13. Kf1 Qh1+ 14.
Ng1 Nh2+ 15. Kf2 Nxf3 16. Nxf3 Qxd1 17. Rxd1 Re8 18. Ne2 h6 19. c4 Be6 20. cxd5
Bxd5 21. b3 Nd7 22. Ne5 Nxe5 23. dxe5 Rad8 24. Nd4 g6 25. g4 Kg7 26. f5 a6 27.
Re1 c5 28. Nf3 Bxf3 29. f6+ Kg8 30. Kxf3 Rxd3+ 31. Kf4 Re6 32. Re4 Rd4 33. Ke3
Rxe4+ 34. Kxe4 b5 35. Kd5 c4 36. bxc4 bxc4 37. Kxc4 Rxe5 38. a4 Re6 39. Kb4
Rxf6 40. Ka5 h5 41. gxh5 g5 42. Kb4 g4 43. Kc4 g3 44. Kd5 g2 45. Ke5 g1=Q 46.
Kxf6 Qc5 47. h6 Qd6+ 48. Kg5 Qg6+ 49. Kf4 Qxh6+ 50. Kf5 Qe6+ 51. Kg5 f6+ 52.
Kh6 f5+ 53. Kg5 Kf7 54. Kh5 Qg6+ 55. Kh4 Qg4# 0-1

[Event "DEM U10 2016"]
[Site "Willingen GER"]
[Date "2016.05.15"]
[Round "1"]
[White "Schwartz, Oliver"]
[Black "Wellßow, Keoki"]
[Result "1-0"]
[Termination "normal"]
[Board "26"]
[WhiteElo "1440"]
[BlackElo "975"]
[PlyCount "49"]
[WhiteFideId "16207459"]
[BlackFideId "16251075"]
[EventCountry "GER"]
[EventRounds "11"]
[EventType "swiss"]
[EventDate "2016.05.14"]

1. e4 e5 2. Nf3 Nc6 3. Bc4 Nf6 4. Ng5 d5 5. exd5 Nxd5 6. Nxf7 Kxf7 7. Qf3+ Ke8
8. Bxd5 Qd7 9. O-O Bd6 10. Nc3 Rf8 11. Qe4 g6 12. Re1 Kd8 13. d3 Qf5 14. Be3
Rb8 15. Nb5 Nd4 16. Bxd4 exd4 17. Nxd6 Qf6 18. Nf7+ Kd7 19. Qg4+ Qf5 20. Be6+
Kc6 21. Bxf5 Bxf5 22. Ne5+ Kb5 23. Qxd4 Rbd8 24. a4+ Ka6 25. Qc4+ 1-0

[Event "DEM U10 2016"]
[Site "Willingen GER"]
[Date "2016.05.15"]
[Round "1"]
[White "Chassard, Cedric"]
[Black "Strehse, Nelson"]
[Result "0-1"]
[Termination "normal"]
[Board "27"]
[WhiteElo "833"]
[BlackElo "1354"]
[PlyCount "63"]
[WhiteFideId "16243536"]
[BlackFideId "16228898"]
[EventCountry "GER"]
[EventRounds "11"]
[EventType "swiss"]
[EventDate "2016.05.14"]

1. e4 e5 2. Nf3 Nc6 3. Bc4 Bc5 4. Nc3 Nf6 5. d3 d6 6. Bg5 Bg4 7. Nd5 a6 8. c3
h6 9. Nxf6+ gxf6 10. Bh4 Rg8 11. b4 Bb6 12. Qb3 Qe7 13. Nd2 Bh5 14. g3 O-O-O
15. O-O Rg4 16. Bd5 Rdg8 17. Qa4 Rxh4 18. Bxc6 bxc6 19. Qxa6+ Kb8 20. Nc4 Be2
21. Nxb6 cxb6 22. Qxb6+ Qb7 23. Qxb7+ Kxb7 24. Rfe1 Bxd3 25. Red1 Bxe4 26. Rxd6
f5 27. Rd7+ Kb6 28. Rxf7 f4 29. Kf1 fxg3 30. hxg3 Rh1+ 31. Ke2 Rxa1 32. Re7 0-1

[Event "DEM U10 2016"]
[Site "Willingen GER"]
[Date "2016.05.15"]
[Round "1"]
[White "Böhm, Karl"]
[Black "Müller, Maximilian"]
[Result "0-1"]
[Termination "normal"]
[Board "28"]
[WhiteElo "1260"]
[BlackElo "784"]
[PlyCount "102"]
[WhiteFideId "16209800"]
[BlackFideId "16243552"]
[EventCountry "GER"]
[EventRounds "11"]
[EventType "swiss"]
[EventDate "2016.05.14"]

1. e4 e5 2. Nf3 Nc6 3. d4 d6 4. Bb5 Nf6 5. d5 a6 6. Ba4 b5 7. Bb3 Nd4 8. Nxd4
exd4 9. Qxd4 Bg4 10. Bg5 c5 11. dxc6 Qc7 12. Bxf6 gxf6 13. Qxf6 Rg8 14. Nc3 Bg7
15. Qh4 Bxc3+ 16. bxc3 Qxc6 17. O-O Bf3 18. Bxf7+ Kxf7 19. Qf4+ Ke8 20. Qxf3
Ra7 21. Qh5+ Kd8 22. Qd5 Qxd5 23. exd5 Rag7 24. g3 Rg5 25. Rab1 Rxd5 26. c4 Rd4
27. cxb5 axb5 28. Rxb5 Rgg4 29. f3 Rg6 30. Rb7 Rg5 31. Rxh7 Rd2 32. Rb1 Kc8 33.
Re1 Kd8 34. f4 Rgd5 35. a4 Rxc2 36. Rg7 Ra2 37. Rb1 Kc8 38. Rg5 Rdd2 39. Rgb5
Rg2+ 40. Kf1 Rgf2+ 41. Ke1 Kd7 42. Rb7+ Ke6 43. a5 Rxh2 44. f5+ Kxf5 45. Rf7+
Kg4 46. Rb4+ Kxg3 47. Rg7+ Kf3 48. Rf7+ Kg3 49. Rb3+ Kg4 50. Rg7+ Kf5 51. Rf3+
Ke4 0-1